Samfunnsfag - Innvandring, flerkultur og fordommer - Statistics

General Stats
  • This quiz has been taken 157 times
    147 since last reset
  • The average score is 6 of 23
Answer Stats
Hint Answer % Correct
Innbyggere i et land de ikke er født i Innvandrere
79%
Innvandrere som ikke er trygge i hjemlandet Flyktninger
72%
Det er fri innvandring mellom Norge og EU-land fordi Norge er med i... EØS
62%
Å rangere mennesker i et hierarki basert på hudfarge/opprinnelse (at en er bedre enn en annen) Rasisme
59%
Den vanligste grunnen til at innvandrere kommer Arbeid
48%
At et samfunn har et mangfold av ulike verdier og livsstiler Pluralistisk/flerkulturelt
48%
At innvandrere lærer landets språk, kommer i arbeid og blir en del av samfunnet Integrering
45%
Den nest vanligste grunnen til at innvandrere kommer Familiegjenforening
31%
Et annet ord for disse Immigranter
31%
At innvandrere fullstendig bytter ut sin kultur med det nye landets kultur Assimilering
28%
Prosessen som gjør verdens land mer sammenknyttet økonomisk og sosialt Globalisering
24%
Det å akseptere at folk kan ha meninger eller en livsstil du er uenig i Toleranse
17%
Den fjerde grunnen til at innvandrere kommer Utdanning
17%
Annet ord for fremmedfrykt, dvs. frykt for utlendinger eller folk med en annen kultur Xenofobi
10%
Nasjonalismen som sier at innvandrere ikke kan bli norske Etnisk nasjonalisme
7%
Når man mener sin kultur er overlegen alle andre, som rangeres under den Etnosentrisk
7%
Vold mot en person pga. personens hudfarge, opprinnelse, religion eller legning Hatkriminalitet
7%
Å ikke rangere kulturer, men ha forståelse for at de kan være forskjellige Kulturrelativisme
7%
Raseskille, at ulike grupper ikke bør ha med hverandre å gjøre Segregering
7%
En generalisering av hvordan en menneskegruppe er (fører til fordommer) En stereotypi
3%
Å fremme hat mot en person basert på personens hudfarge, opprinnelse, religion eller legning Hatytring
3%
Nasjonalismen som sier innvandrere må endre kultur og religion for å bli norske Kulturell nasjonalisme
3%
Nasjonalismen som godtar innvandrere med en annen kultur som norske Liberal nasjonalisme
0%
No matching quizzes found
Score Distribution
Percent of People with Each Score
Percentile by Number Answered
Your Score History
You have not taken this quiz since the last reset